Sektörel olarak komşu ülkelerde Türkiye'nin ihracat potansiyeli (Record no. 871)

MARC details
000 -BAŞLIK
Sabit Uzunlukta Kontrol Alanı 00746na a2200241 4500
001 - KONTROL NUMARASI
Denetim Alanı 13257
003 - KONTROL NUMARASI IDENTIFIER
Denetim Alanı MIRAKIL
005 - SON İŞLEM TARİHİ VE ZAMANI
Denetim Alanı 20181213154804.0
008 - SABİT-BOY VERİ ELEMANLARI - GENEL BİLGİLER
Sabit Uzunlukta Kontrol Alanı 161012b tu 000 0
020 ## - ULUSLARARASI STANDART KİTAP NUMARASI
Uluslararası Standart Kitap Numarası 9786051371542
040 ## - KATALOGLAMA KAYNAK
Orijinal Kataloglama Ajansı Milas
Kataloglama Dili tur
Metne Dönüştürmek Ajansı TR-AnCHP
041 ## - DİL KODU
Metin / Ses Parça Veya Ayrı Başlığın Dil Kodu tur
082 ## - DEWEY ONLU SINIFLANDIRMA NUMARASI
Sınıflandırma Numarası 382.6
Ürün Numarası B36s 2012
090 ## - SINIFLAMA NUMARASI
Sınıflama Numarası 382.6 B36s 2012
100 ## - ANA GİRİŞ - KİŞİSEL İSİM
Kişisel Ad Berksoy, Binhan Oğuz
245 ## - BAŞLIK TABLOSU
Başlık Sektörel olarak komşu ülkelerde Türkiye'nin ihracat potansiyeli
Sorumluluk Tablosu, Vb Binhan Oğuz Berksoy
260 ## - YAYIN, DAĞITIM, VB
Yayın, Dağıtım, Vb Yeri İstanbul
Yayıncı, Dağıtıcı, Vs Adı İstanbul Ticaret Odası
Yayın, Dağıtım, Vb Tarihi 2012
300 ## - FİZİKSEL TANIM
Kapsam 164 s.
Boyutlar 24 sm.
490 ## - SERİSİ TABLOSU
Seri Beyanı İstanbul Ticaret Odası Yayınları
Hacim / Ardışık Tanımı 28
650 ## - KONU KATMA GİRİŞ - TOPİKAL DÖNEM
Topikal Süreli Veya Coğrafi Ad Giriş Elemanı Dış ticaret
Genel Alt Bölümü İstihdam
Kronolojik Alt Bölümü Sektörler
650 ## - KONU KATMA GİRİŞ - TOPİKAL DÖNEM
Topikal Süreli Veya Coğrafi Ad Giriş Elemanı İhracat
Genel Alt Bölümü Sınır ülkeler
Coğrafi Alt Bölümü Türkiye
942 ## - EKLENDİ GİRİŞ ELEMANLARI (KOHA)
Sınıflandırma Veya Raf Düzeni Kaynak
Koha Öğesi Türü Books
999 ## - SİSTEM KONTROL NUMARALARI (KOHA)
Koha Biblionumber 871
Koha Biblioitemnumber 871
Holdings
Kalıcı Konum Mevcut Konum Edinme Tarihi Edinim Kaynak Toplam Check-Out'Lar Tam Çağrı Numarası Barkod Tarih Son Görülme İtibaren Geçerli Fiyatlar Koha Öğesi Türü
CHP Kütüphanesi CHP Kütüphanesi 08/11/2016 Bağış   382.6 B36s 2012 001103 08/11/2016 08/11/2016 Books